Estadísticas para Comarcas de Andalucía (Click Map Quiz)

Haz click aquí para intentar la prueba.

Estadísticas generales

  • Esta prueba ha sido intentada 286 veces
  • La puntuación promedio es 27 de 65

Respuestas en el mapa

Las respuestas están codificadas por una escala verde-roja en el mapa de la prueba según el % correcto abajo.
 

Estadísticas de respuestas

Respuesta% Correcto
Campo de Gibraltar
68%
Bahía de Cádiz
66%
Córdoba
65%
Sierra Norte de Sevilla
65%
Costa Occidental de Huelva
64%
Metropolitana de Sevilla
64%
Málaga-Costa del Sol
63%
Costa Noroeste de Cádiz
62%
Sierra de Cádiz
62%
Campiña de Jerez
59%
Costa del Sol Occidental
59%
Sierra de Huelva
59%
Costa Tropical
56%
Antequera
55%
El Condado de Huelva
54%
Metropolitana de Huelva
54%
Sierra Sur de Sevilla
53%
Alpujarra Granadina
52%
Levante Almeriense
52%
Metropolitana de Almería
51%
Serranía de Ronda
51%
Alpujarra Almeriense
50%
Cuenca Minera
50%
Metropolitana de Jaén
48%
Campiña Sur Cordobesa
47%
Écija
47%
Poniente Almeriense
47%
El Aljarafe
43%
Vega de Granada
43%
El Andévalo
41%
Los Filabres-Tabernas
41%
Campiña de Carmona
40%
Sierra Sur de Jaén
39%
Valle de los Pedroches
39%
La Axarquía
38%
Bajo Guadalquivir
36%
Baza
36%
Loja
36%
Sierra de Cazorla
36%
Guadix
35%
La Janda
34%
Los Vélez
34%
Sierra Morena de Jaén
34%
Campiña de Morón y Marchena
33%
Alhama
32%
Valle del Guadalhorce
32%
Valle Medio del Guadalquivir
32%
Huéscar
30%
Sierra de Segura
30%
Vega del Guadalquivir
29%
La Subbética
28%
Alto Guadalquivir
27%
Valle del Almanzora
27%
Campiña de Baena
26%
Sierra Mágina
25%
Campiña de Jaén
23%
Sierra de las Nieves
23%
El Condado de Jaén
20%
Guadalteba
20%
Nororma
20%
Valle de Lecrín
20%
Los Montes
19%
Las Villas
17%
Valle del Guadiato
17%
La Loma
14%

Distribución de puntuación

Porcentaje por número respondido

Porcentaje de gente con cada puntuación

Historial de tus puntuaciones

No has intentado esta prueba.